| 000 | 00412nam a22001697a 4500 | ||
|---|---|---|---|
| 005 | 20180223142108.0 | ||
| 008 | 160623b xxu||||| |||| 00| 0 eng d | ||
| 020 | _a81-87567-85-6 | ||
| 041 | _aeng | ||
| 082 |
_b9351 _a327 |
||
| 100 |
_aMukherjee, Sakti and Mukherjee, Indrani _94159 |
||
| 245 | _aInternational Relations | ||
| 260 | _bWorld Press | ||
| 300 | _a486 | ||
| 650 |
_aManagement _9241 |
||
| 942 | _cBK | ||
| 999 |
_c3677 _d3676 |
||